000 00245nmm a2200085Ia 4500
008 220120s9999||||xx |||||||||||||||||und||
100 _aPCQ
245 0 _a5 free SDKS for mobile application development 3.0, essentia
260 _aCyber media Pvt. Ltd.
999 _c139924
_d139924